[Event "Virginia op"]
[Site "Fredericksburg"]
[Date "2001.01.19"]
[Round "1"]
[White "Bush, Chris J"]
[Black "Negulescu, Adrian"]
[Result "0-1"]
[WhiteElo "1995"]
[BlackElo "2478"]
[PlyCount "66"]
[EventDate "2001.01.19"]
[EventType "swiss"]
[EventRounds "5"]
[EventCountry "USA"]
[SourceTitle "EXT 2002"]
[Source "ChessBase"]
[SourceDate "2001.11.25"]
[SourceVersion "1"]
[SourceVersionDate "2001.11.25"]
[SourceQuality "1"]

1. e4 c6 2. d4 d5 3. f3 dxe4 4. fxe4 e5 5. Nf3 exd4 6. Qxd4 Qxd4 7. Nxd4 Nf6 8. Bd3 Nbd7 9. 0-0 Bc5 10. c3 0-0 11. Bf4 Bb6 12. Bc2 Nc5 13. Nd2 Ne6 14. N2b3 Nxf4 15. Rxf4 Ng4 16. Re1 Bc7 17. Rff1 Nxh2 18. Rf5 Bxf5 19. Nxf5 Ng4 20. g3 g6 21. Ne7+ Kg7 22. Bd1 h5 23. Nd4 Bb6 24. Kg2 Bxd4 25. cxd4 Rfe8 26. Nxc6 bxc6 27. b4 Rad8 28. Ba4 Rxd4 29. Bxc6 Rd2+ 30. Kg1 Rc8 31. b5 Ne5 32. Rc1 Nxc6 33. bxc6 Rd6 0-1

[Event "Washington Eastern op"]
[Site "Washington DC"]
[Date "2000.12.30"]
[Round "7"]
[White "Negulescu, Adrian"]
[Black "Friedel, Joshua E"]
[Result "1-0"]
[WhiteElo "2510"]
[BlackElo "2170"]
[PlyCount "53"]
[EventDate "2000.12.27"]
[EventType "swiss"]
[EventRounds "8"]
[EventCountry "USA"]
[SourceTitle "EXT 2002"]
[Source "ChessBase"]
[SourceDate "2001.11.25"]
[SourceVersion "1"]
[SourceVersionDate "2001.11.25"]
[SourceQuality "1"]

1. e4 e5 2. Nf3 Nc6 3. c3 Nf6 4. d4 exd4 5. e5 Nd5 6. cxd4 d6 7. Bb5 Bg4 8. h3 Bh5 9. 0-0 Be7 10. Qb3 a6 11. Qxd5 axb5 12. e6 Bg6 13. exf7+ Bxf7 14. Qxb5 0-0 15. Nc3 Ra5 16. Qxb7 Qd7 17. d5 Bxd5 18. Nxd5 Rxd5 19. Qb3 Qe6 20. Bd2 Bf6 21. Rac1 Rb8 22. Qc4 Ne7 23. Rfe1 Qf7 24. Qxc7 Rxb2 25. Bc3 Bxc3 26. Rxe7 Qf8 27. Qxc3 1-0

[Event "ROM-chT"]
[Site "Eforie Nord"]
[Date "2000.12.22"]
[Round "5"]
[White "Negulescu, Adrian"]
[Black "Nevednichy, Vladislav"]
[Result "1/2-1/2"]
[WhiteElo "2510"]
[BlackElo "2582"]
[PlyCount "45"]
[EventDate "2000.12.18"]
[EventType "team"]
[EventRounds "5"]
[EventCountry "ROU"]
[SourceTitle "CBM 081"]
[Source "ChessBase"]
[SourceDate "2001.03.20"]
[SourceVersion "1"]
[SourceVersionDate "2001.03.20"]
[SourceQuality "1"]
[WhiteTeam "Brasov Dinamo"]
[BlackTeam "Timisoara Luxten"]
[WhiteTeamCountry "ROU"]
[BlackTeamCountry "ROU"]

1. e4 c5 2. Nf3 d6 3. Bb5+ Nd7 4. d4 cxd4 5. Qxd4 e5 6. Qd3 h6 7. 0-0 Ngf6 8. c4 Be7 9. Nc3 0-0 10. Bxd7 Bxd7 11. Rd1 a6 12. a4 Be6 13. b3 Qb6 14. a5 Qc7 15. Be3 Rac8 16. Ne1 Rfe8 17. f3 Bf8 18. Na4 Nd7 19. Nb6 Nxb6 20. Bxb6 Qe7 21. Nc2 h5 22. Nb4 g6 23. Nd5 1/2-1/2

[Event "ROM-chT"]
[Site "Eforie Nord"]
[Date "2000.12.18"]
[Round "1"]
[White "Fedorov, Alexei"]
[Black "Negulescu, Adrian"]
[Result "1-0"]
[WhiteElo "2646"]
[BlackElo "2510"]
[PlyCount "102"]
[EventDate "2000.12.18"]
[EventType "team"]
[EventRounds "5"]
[EventCountry "ROU"]
[SourceTitle "CBM 081"]
[Source "ChessBase"]
[SourceDate "2001.03.20"]
[SourceVersion "1"]
[SourceVersionDate "2001.03.20"]
[SourceQuality "1"]
[WhiteTeam "Bucharest RGA"]
[BlackTeam "Brasov Dinamo"]
[WhiteTeamCountry "ROU"]
[BlackTeamCountry "ROU"]

1. e4 g6 2. d4 Bg7 3. c3 d6 4. Nf3 Nf6 5. Bd3 0-0 6. 0-0 Nc6 7. h3 e5 8. Re1 Re8 9. d5 Ne7 10. c4 c5 11. Nc3 Nh5 12. Rb1 h6 13. b4 b6 14. bxc5 bxc5 15. Bc2 Nf4 16. Ba4 Bd7 17. Kh2 g5 18. Re3 Nc8 19. Bxd7 Qxd7 20. Qa4 Qxa4 21. Nxa4 Nb6 22. Nxb6 axb6 23. a3 Reb8 24. g3 Ng6 25. Reb3 Ra6 26. Nd2 Ne7 27. a4 Rxa4 28. Rxb6 Rd8 29. Kg2 Bf8 30. Kf3 Ng6 31. Ke2 Rda8 32. Kd3 Ra2 33. Bb2 R2a6 34. Bc3 Be7 35. Rxa6 Rxa6 36. Nf1 Ra2 37. Rb8+ Bf8 38. Bb2 Ne7 39. Ne3 h5 40. Kc2 Ra6 41. Kb3 f6 42. Bc3 Kf7 43. Rb5 Ke8 44. Ba5 Kd7 45. Rb7+ Kc8 46. Rc7+ Kb8 47. Rd7 Rxa5 48. Rd8+ Kc7 49. Rxf8 Ra1 50. Rf7 Kd8 51. Rxf6 Ke8 1-0